Tribhuvan University Central Library

Basic algebra; groups, rings fields (Record no. 34835)

MARC details
000 -LEADER
fixed length control field 005280000a22002410004500
082 ## - DEWEY DECIMAL CLASSIFICATION NUMBER
Classification number 512
Item number C661b
020 ## - INTERNATIONAL STANDARD BOOK NUMBER
International Standard Book Number 81-8128-047-4
041 ## - LANGUAGE CODE
Language code of text/sound track or separate title Eng
100 ## - MAIN ENTRY--PERSONAL NAME
Personal name Cohn, P. M.
245 ## - TITLE STATEMENT
Title Basic algebra; groups, rings fields
260 ## - PUBLICATION, DISTRIBUTION, ETC. (IMPRINT)
Place of publication, distribution, etc New Delhi
Name of publisher, distributor, etc Springer
260 ## - PUBLICATION, DISTRIBUTION, ETC. (IMPRINT)
Date of publication, distribution, etc 2003
300 ## - PHYSICAL DESCRIPTION
Extent xii, 465p.
500 ## - GENERAL NOTE
General note Bibliography: p.449-451
518 ## - DATE/TIME AND PLACE OF AN EVENT NOTE
Date/time and place of an event note 20050926
530 ## - ADDITIONAL PHYSICAL FORM AVAILABLE NOTE
Additional physical form available note M
650 ## - SUBJECT ADDED ENTRY--TOPICAL TERM
Topical term or geographic name as entry element Algebra
650 ## - SUBJECT ADDED ENTRY--TOPICAL TERM
Topical term or geographic name as entry element Groups
650 ## - SUBJECT ADDED ENTRY--TOPICAL TERM
Topical term or geographic name as entry element Ring theory
650 ## - SUBJECT ADDED ENTRY--TOPICAL TERM
Topical term or geographic name as entry element Lattices
650 ## - SUBJECT ADDED ENTRY--TOPICAL TERM
Topical term or geographic name as entry element Group theory
942 ## - ADDED ENTRY ELEMENTS (KOHA)
Koha item type General Collections
Holdings
Withdrawn status Lost status Source of classification or shelving scheme Damaged status Not for loan Home library Current library Shelving location Date acquired Total Checkouts Full call number Barcode Date last seen Date checked out Price effective from Koha item type
    Dewey Decimal Classification     Tribhuvan University Central Library Tribhuvan University Central Library New Building 06/20/2010 3 512 C661b 128884 05/24/2019 05/12/2019 06/20/2010 General Collections